000
00333 a2200157 4500
001
181613
020
_a
040
_c
Magnum
100
_a
Brandao, Carlos Rodrigues
240
1
0
_a
O que e educacao
_l
por
245
1
0
_a
O que e educacao
362
0
_a
1899
440
1
_a
Brasiliense
697
_a
MAGNITO: PEDAGOGIA
942
_c
BK
999
_c
181613
_d
181613